Alcalá de Cisneros / (Record no. 176661)

MARC details
000 -LEADER
campo de control de longitud fija 01198nam a22002775i 4500
001 - NÚMERO DE CONTROL
campo de control 176661
003 - IDENTIFICADOR DE NÚMERO DE CONTROL
campo de control ES-MaACL
005 - FECHA Y HORA DE LA ÚLTIMA TRANSACCIÓN
campo de control 20251015145634.0
008 - DATOS DE LONGITUD FIJA--INFORMACIÓN GENERAL
campo de control de longitud fija 110131s2002 sp ao |||| | spa d
020 ## - NÚMERO INTERNACIONAL ESTÁNDAR DEL LIBRO
Número Internacional Estándar del Libro 84-7782-868-7
080 ## - NÚMERO DE LA CLASIFICACIÓN DECIMAL UNIVERSAL
Número de la Clasificación Decimal Universal 929 Jiménez de Cisneros, Francisco
080 ## - NÚMERO DE LA CLASIFICACIÓN DECIMAL UNIVERSAL
Número de la Clasificación Decimal Universal 913(460.27 Alcalá de Henares) (036)
100 1# - ENTRADA PRINCIPAL--NOMBRE DE PERSONA
Nombre de persona Lope Huerta, Arsenio.
9 (RLIN) 73278
245 10 - MENCIÓN DEL TÍTULO
Título Alcalá de Cisneros /
Mención de responsabilidad, etc. texto, Arsenio E. Lope Huerta ; fotografías, Óscar Masats ; coordinación, Promoción Turística de Alcalá ; [traducción al inglés: Hellen Mason-Spyry, traducción al francés: Lunwerg].
260 ## - PUBLICACIÓN, DISTRIBUCIÓN, ETC.
Lugar de publicación, distribución, etc. Barcelona :
Nombre del editor, distribuidor, etc. Lunwerg,
Fecha de publicación, distribución, etc. imp. 2002.
300 ## - DESCRIPCIÓN FÍSICA
Extensión 39 p. :
Otras características físicas il. col. ;
Dimensiones 30 cm.
546 ## - NOTA DE IDIOMA
Nota de lengua/lenguaje Texto en español, francés e inglés.
594 ## - Nota al título y mención de responsabilidad
Nota al título y mención de responsabilidad En la port. : Ayuntamiento de Alcalá de Henares, Concejalía de Turismo.
600 14 - PUNTO DE ACCESO ADICIONAL DE MATERIA--NOMBRE DE PERSONA
Nombre de persona Jiménez de Cisneros, Francisco,
Fechas asociadas al nombre 1436-1517
9 (RLIN) 66495
651 #4 - PUNTO DE ACCESO ADICIONAL DE MATERIA--NOMBRE GEOGRÁFICO
Nombre geográfico Alcalá de Henares-
Subdivisión general Guías turísticas.
9 (RLIN) 144939
700 0# - ENTRADA AGREGADA--NOMBRE PERSONAL
Nombre de persona Masats, Óscar.
9 (RLIN) 144933
700 1# - ENTRADA AGREGADA--NOMBRE PERSONAL
Nombre de persona Mason-Spyry, Hellen.
9 (RLIN) 144938
710 1# - ENTRADA AGREGADA--NOMBRE DE ENTIDAD CORPORATIVA
Nombre de entidad corporativa o nombre de jurisdicción como elemento de entrada Alcalá de Henares (Madrid).
Unidad subordinada Concejalía de Turismo.
9 (RLIN) 144937
852 ## - LOCALIZACIÓN
Ubicación ES-MaACL
Número de control de estantería 2287-F-15
Holdings
Estatus retirado Estado de pérdida Estado de daño No para préstamo Colección Biblioteca de origen Biblioteca actual Ubicación en estantería Fecha de adquisición Fuente de adquisición Total de préstamos Signatura topográfica completa Código de barras Visto por última vez Precio de reemplazo Tipo de ítem Koha
        Colección de folletos Biblioteca del Ateneo de Madrid Biblioteca del Ateneo de Madrid Depósito folletos 31/01/2011     2287-F-15 1185527 23/02/2023 23/02/2023 Folleto